Analýza vybraných rizík v bankovníctve diplomová práca

Salvato in:
Dettagli Bibliografici
Autore principale: Hrachovský, Jozef
Ente Autore: Národohospodárska fakulta EU. Katedra bankovníctva a medzinárodných financií
Altri autori: Horvátová, Eva, 1958-
Natura: Libro
Lingua:slovacco
Pubblicazione: Bratislava 2015
Tags: Aggiungi Tag
Nessun Tag, puoi essere il primo ad aggiungerne!!

MARC

LEADER 00000nbm a2200000 4500
001 0202521
005 20161212095427.2
041 0 |a slo 
044 |a SK 
245 1 0 |a Analýza vybraných rizík v bankovníctve  |b diplomová práca  |c Jozef Hrachovský ; školiteľ: Eva Horvátová 
264 1 |a Bratislava  |c 2015 
300 |a 86 s. 
100 1 |a Hrachovský, Jozef 
700 1 |a Horvátová, Eva, 1958- 
710 2 |a Národohospodárska fakulta EU. Katedra bankovníctva a medzinárodných financií